[Event "CZE-chT2D 1718"]
[Site "Czech Republic"]
[Date "2018.03.18"]
[Round "10.2"]
[White "Tazlar, Petr"]
[Black "Smutny, Jan"]
[Result "0-1"]
[WhiteElo "2251"]
[BlackElo "2181"]
[PlyCount "84"]
[EventDate "2017.10.15"]
[EventType "team-tourn"]
[EventRounds "11"]
[EventCountry "CZE"]
[SourceTitle "EXT 2022"]
[Source "ChessBase"]
[SourceDate "2021.10.06"]
[SourceVersion "1"]
[SourceVersionDate "2021.10.06"]
[SourceQuality "1"]
[WhiteTeam "Hradec Kralove II"]
[BlackTeam "Pardubice Eurobit"]
[WhiteTeamCountry "CZE"]
[BlackTeamCountry "CZE"]

1. Nf3 Nf6 2. g3 d5 3. Bg2 Bg4 4. d4 Qc8 5. h3 Bf5 6. c4 e6 7. Nc3 c6 8. Qb3 Na6 9. Bf4 Nb4 10. Rc1 Bc2 11. Rxc2 dxc4 12. Qxc4 Nxc2+ 13. Kd2 Nb4 14. e4 Be7 15. a3 Na6 16. Rc1 0-0 17. Bg5 Qd8 18. Ke2 Nd5 19. Bd2 Nxc3+ 20. Bxc3 Nc7 21. Bd2 Ne8 22. Ne1 Qb6 23. Qc3 Rd8 24. Be3 Nd6 25. Rd1 Qb5+ 26. Nd3 Qc4 27. Qxc4 Nxc4 28. Rc1 Nxe3 29. Kxe3 Bf6 30. e5 Be7 31. f4 Rd7 32. Be4 Rfd8 33. Rc4 g6 34. h4 f5 35. exf6 Bxf6 36. Ne5 Bxe5 37. fxe5 Kg7 38. Bg2 h6 39. Be4 Rf8 40. Rc2 Rf1 41. Bg2 Re1+ 42. Kd2 Rxe5 0-1

[Event "CZE-chT1W 1617"]
[Site "Czech Republic"]
[Date "2017.01.22"]
[Round "6.2"]
[White "Nemcova, Karin"]
[Black "Tazlar, Petr"]
[Result "0-1"]
[WhiteElo "1810"]
[BlackElo "2239"]
[PlyCount "70"]
[EventDate "2016.10.16"]
[EventType "team-tourn"]
[EventRounds "11"]
[EventCountry "CZE"]
[SourceTitle "CBM 177 Extra"]
[Source "ChessBase"]
[SourceDate "2017.04.27"]
[SourceVersion "1"]
[SourceVersionDate "2017.04.27"]
[SourceQuality "1"]
[WhiteTeam "Praha Oaza"]
[BlackTeam "Jicin II"]
[WhiteTeamCountry "CZE"]
[BlackTeamCountry "CZE"]

1. e4 c5 2. Nf3 d6 3. d4 cxd4 4. Nxd4 Nf6 5. Nc3 a6 6. Bc4 e6 7. Qe2 Be7 8. Bb3 0-0 9. Be3 b5 10. g4 b4 11. Na4 d5 12. exd5 Nxd5 13. 0-0-0 Bb7 14. Rhg1 Qc7 15. Kb1 Nd7 16. f4 Nxe3 17. Qxe3 Nc5 18. Rg3 Rfd8 19. Qc1 Bf6 20. Nxc5 Qxc5 21. Ne2 a5 22. g5 Be7 23. Ba4 Ba6 24. Ng1 Qf2 25. c4 bxc3 26. Rxc3 Rxd1 27. Bxd1 Qxg1 28. Rc7 Kf8 29. Rc6 Bb7 30. Rc7 Qb6 31. Ba4 Rd8 32. h4 Bd6 33. Rc3 Bb4 34. Rc4 Rd4 35. Rc2 Be4 0-1

[Event "CZE-chT1W 1516"]
[Site "Czech Republic"]
[Date "2016.01.17"]
[Round "6.8"]
[White "Tazlar, Petr"]
[Black "Liduch, Filip"]
[Result "1-0"]
[WhiteElo "2206"]
[BlackElo "2032"]
[PlyCount "45"]
[EventDate "2015.10.11"]
[EventType "team-tourn"]
[EventRounds "11"]
[EventCountry "CZE"]
[SourceTitle "CBM 170 Extra"]
[Source "ChessBase"]
[SourceDate "2016.02.25"]
[SourceVersion "1"]
[SourceVersionDate "2016.02.25"]
[SourceQuality "1"]
[WhiteTeam "Jicin"]
[BlackTeam "Polabiny"]
[WhiteTeamCountry "CZE"]
[BlackTeamCountry "CZE"]

1. d4 Nf6 2. Nf3 d5 3. c4 e6 4. Nc3 Be7 5. cxd5 exd5 6. Bg5 0-0 7. e3 c6 8. Bd3 Bg4 9. Qc2 Nbd7 10. Ne5 h6 11. Nxg4 Nxg4 12. Bf4 Ngf6 13. h3 c5 14. 0-0 cxd4 15. exd4 Qb6 16. Rfe1 Rfe8 17. Na4 Qd8 18. Qb3 b6 19. Ba6 Nh5 20. Bh2 Bh4 21. Bb7 Qg5 22. Bxa8 Rxa8 23. Qf3 1-0

[Event "CZE-chT2B 1516"]
[Site "Czech Republic"]
[Date "2015.12.06"]
[Round "4.5"]
[White "Hajny, Miloslav"]
[Black "Tazlar, Petr"]
[Result "1/2-1/2"]
[WhiteElo "2041"]
[BlackElo "2231"]
[PlyCount "41"]
[EventDate "2015.10.18"]
[EventType "team-tourn"]
[EventRounds "11"]
[EventCountry "CZE"]
[SourceTitle "EXT 2022"]
[Source "ChessBase"]
[SourceDate "2021.10.06"]
[SourceVersion "1"]
[SourceVersionDate "2021.10.06"]
[SourceQuality "1"]
[WhiteTeam "Mlada Boleslav"]
[BlackTeam "Jicin II"]
[WhiteTeamCountry "CZE"]
[BlackTeamCountry "CZE"]

1. Nf3 Nf6 2. g3 b6 3. Bg2 Bb7 4. c4 e6 5. 0-0 c5 6. Nc3 Be7 7. d4 Ne4 8. Nxe4 Bxe4 9. b3 Bf6 10. Bb2 0-0 11. e3 a5 12. a3 Qc7 13. Nd2 Bxg2 14. Kxg2 cxd4 15. exd4 d5 16. Rc1 Nc6 17. cxd5 exd5 18. Nf3 Qd6 19. Qd3 Rac8 20. Rfe1 Ne7 21. Ne5 1/2-1/2

[Event "CZE-chT2B 1516"]
[Site "Czech Republic"]
[Date "2015.10.18"]
[Round "1.5"]
[White "Kuchar, Tomas"]
[Black "Tazlar, Petr"]
[Result "0-1"]
[WhiteElo "1979"]
[BlackElo "2231"]
[PlyCount "56"]
[EventDate "2015.10.18"]
[EventType "team-tourn"]
[EventRounds "11"]
[EventCountry "CZE"]
[SourceTitle "EXT 2022"]
[Source "ChessBase"]
[SourceDate "2021.10.06"]
[SourceVersion "1"]
[SourceVersionDate "2021.10.06"]
[SourceQuality "1"]
[WhiteTeam "Jicin III"]
[BlackTeam "Jicin II"]
[WhiteTeamCountry "CZE"]
[BlackTeamCountry "CZE"]

1. e4 c5 2. Nf3 d6 3. c3 Nf6 4. Be2 Nbd7 5. d3 e6 6. 0-0 Be7 7. Re1 0-0 8. Bf1 e5 9. d4 Qc7 10. Bg5 Re8 11. dxe5 dxe5 12. Bxf6 Bxf6 13. Nbd2 Rd8 14. Qc2 Nb6 15. Nc4 Be6 16. Ne3 c4 17. Rad1 Qc6 18. b3 Rac8 19. Rxd8+ Rxd8 20. Nd2 cxb3 21. axb3 Be7 22. Ndc4 Nd7 23. Rd1 Nf6 24. f3 b5 25. Rxd8+ Bxd8 26. Qd3 Bc7 27. Nd2 Bb6 28. Kh1 Qc5 0-1

[Event "CZE-chT2B 1415"]
[Site "Czech Republic"]
[Date "2015.03.15"]
[Round "9.4"]
[White "Tazlar, Petr"]
[Black "Skuthan, Jiri"]
[Result "1-0"]
[WhiteElo "2225"]
[BlackElo "1940"]
[PlyCount "87"]
[EventDate "2014.11.02"]
[EventType "team-tourn"]
[EventRounds "11"]
[EventCountry "CZE"]
[SourceTitle "EXT 2022"]
[Source "ChessBase"]
[SourceDate "2021.10.06"]
[SourceVersion "1"]
[SourceVersionDate "2021.10.06"]
[SourceQuality "1"]
[WhiteTeam "Jicin III"]
[BlackTeam "Most Chess II"]
[WhiteTeamCountry "CZE"]
[BlackTeamCountry "CZE"]

1. e4 c5 2. Nf3 e6 3. d4 cxd4 4. Nxd4 Nc6 5. Nb3 Nf6 6. Bd3 Qc7 7. 0-0 Be7 8. Nc3 a6 9. f4 d6 10. a4 0-0 11. a5 Bd7 12. Be3 Rac8 13. Na4 Nb4 14. Nb6 Rb8 15. Qd2 Nc6 16. Qe2 Nb4 17. Qd2 Nc6 18. h3 Rfe8 19. g4 g6 20. c3 Bf8 21. Qf2 Bg7 22. g5 Nh5 23. Be2 f5 24. Bxh5 gxh5 25. exf5 exf5 26. Nd5 Qd8 27. Bb6 Qc8 28. Nc7 Rf8 29. Rfe1 Rf7 30. Qd2 Qf8 31. Rad1 Rd8 32. Qxd6 Qxd6 33. Rxd6 Bf8 34. Rd2 Kg7 35. Ne6+ Bxe6 36. Rxe6 Rb8 37. Kg2 h4 38. Nd4 Nxd4 39. Bxd4+ Kg8 40. Rde2 Rd8 41. Re8 Rxe8 42. Rxe8 Re7 43. Rb8 Kf7 44. Bc5 1-0

[Event "CZE-chT2B 1415"]
[Site "Czech Republic"]
[Date "2014.12.14"]
[Round "4.6"]
[White "Tazlar, Petr"]
[Black "Kubin, Vladimir"]
[Result "1-0"]
[WhiteElo "2225"]
[BlackElo "2036"]
[PlyCount "31"]
[EventDate "2014.11.02"]
[EventType "team-tourn"]
[EventRounds "11"]
[EventCountry "CZE"]
[SourceTitle "EXT 2022"]
[Source "ChessBase"]
[SourceDate "2021.10.06"]
[SourceVersion "1"]
[SourceVersionDate "2021.10.06"]
[SourceQuality "1"]
[WhiteTeam "Jicin III"]
[BlackTeam "Mlada Boleslav"]
[WhiteTeamCountry "CZE"]
[BlackTeamCountry "CZE"]

1. e4 c6 2. d4 d5 3. Nc3 dxe4 4. Nxe4 Nf6 5. Nxf6+ exf6 6. Be3 Na6 7. c3 Nc7 8. Bd3 Nd5 9. Ne2 Bd6 10. Qc2 Nxe3 11. fxe3 Qe7 12. e4 Bg4 13. 0-0 Bxe2 14. Qxe2 Qd7 15. Rad1 0-0-0 16. e5 1-0

[Event "CZE-chT1W 1314"]
[Site "Czech Republic"]
[Date "2014.03.16"]
[Round "9.5"]
[White "Tazlar, Petr"]
[Black "Hinks Edwards, Thomas RJ"]
[Result "1/2-1/2"]
[WhiteElo "2163"]
[BlackElo "2373"]
[PlyCount "45"]
[EventDate "2013.10.20"]
[EventType "team-tourn"]
[EventRounds "11"]
[EventCountry "CZE"]
[SourceTitle "EXT 2015"]
[Source "ChessBase"]
[SourceDate "2014.11.20"]
[SourceVersion "1"]
[SourceVersionDate "2014.11.20"]
[SourceQuality "1"]
[WhiteTeam "Jicin"]
[BlackTeam "Praha Mahrla"]
[WhiteTeamCountry "CZE"]
[BlackTeamCountry "CZE"]

1. e4 g6 2. d4 Bg7 3. Nc3 d6 4. Be3 a6 5. Qd2 b5 6. Nge2 Bb7 7. f3 Nd7 8. 0-0-0 b4 9. Nb1 a5 10. g4 h5 11. gxh5 Rxh5 12. Ng3 Rh8 13. h4 Ngf6 14. Be2 Nh5 15. Nxh5 Rxh5 16. f4 Bxe4 17. Bxh5 Bxh1 18. Bxg6 Bd5 19. Bd3 Bxa2 20. Qg2 Bf8 21. Be4 d5 22. Bxd5 Bxd5 23. Qxd5 1/2-1/2

[Event "CZE-chT1W 1314"]
[Site "Czech Republic"]
[Date "2014.02.09"]
[Round "7.7"]
[White "Tazlar, Petr"]
[Black "Pesout, Jan"]
[Result "1-0"]
[WhiteElo "2163"]
[BlackElo "2211"]
[PlyCount "62"]
[EventDate "2013.10.20"]
[EventType "team-tourn"]
[EventRounds "11"]
[EventCountry "CZE"]
[SourceTitle "EXT 2015"]
[Source "ChessBase"]
[SourceDate "2014.11.20"]
[SourceVersion "1"]
[SourceVersionDate "2014.11.20"]
[SourceQuality "1"]
[WhiteTeam "Jicin"]
[BlackTeam "Pankrac"]
[WhiteTeamCountry "CZE"]
[BlackTeamCountry "CZE"]

1. d4 Nf6 2. Nf3 g6 3. c4 c5 4. Nc3 cxd4 5. Nxd4 Bg7 6. e4 d6 7. Be2 0-0 8. Be3 Nc6 9. 0-0 Bd7 10. Qd2 Ng4 11. Bxg4 Bxg4 12. f3 Bd7 13. Rac1 Rc8 14. b3 a6 15. Rfd1 Re8 16. Nd5 Nxd4 17. Bxd4 Bxd4+ 18. Qxd4 Bc6 19. Nb6 Rb8 20. b4 Qc7 21. a4 Red8 22. b5 Be8 23. Nd5 Qd7 24. e5 Rbc8 25. Nb6 Qe6 26. Nxc8 Rxc8 27. exd6 exd6 28. Re1 Qd7 29. Qf6 Qc7 30. Re7 Qc5+ 31. Kh1 axb5 1-0

[Event "CZE-chT2D 1314"]
[Site "Czech Republic"]
[Date "2014.01.19"]
[Round "6.4"]
[White "Tazlar, Petr"]
[Black "Komarkova, Magdalena"]
[Result "1-0"]
[WhiteElo "2163"]
[BlackElo "2030"]
[PlyCount "39"]
[EventDate "2013.11.03"]
[EventType "team-tourn"]
[EventRounds "11"]
[EventCountry "CZE"]
[SourceTitle "EXT 2016"]
[Source "ChessBase"]
[SourceDate "2015.10.08"]
[SourceVersion "1"]
[SourceVersionDate "2015.10.08"]
[SourceQuality "1"]
[WhiteTeam "Jicin II"]
[BlackTeam "Policka"]
[WhiteTeamCountry "CZE"]
[BlackTeamCountry "CZE"]

1. e4 c5 2. Nf3 d6 3. d4 cxd4 4. Nxd4 Nf6 5. Nc3 a6 6. Be3 e6 7. f3 Be7 8. Qd2 0-0 9. g4 b5 10. 0-0-0 Bb7 11. h4 b4 12. Nce2 Qc7 13. g5 Nfd7 14. h5 Nc5 15. g6 d5 16. h6 fxg6 17. hxg7 Rf7 18. Nf4 Rxf4 19. Bxf4 e5 20. Qh2 1-0

[Event "CZE-chT1W 1314"]
[Site "Czech Republic"]
[Date "2014.01.12"]
[Round "5.8"]
[White "Jinova, Lucie"]
[Black "Tazlar, Petr"]
[Result "0-1"]
[WhiteElo "2103"]
[BlackElo "2163"]
[PlyCount "138"]
[EventDate "2013.10.20"]
[EventType "team-tourn"]
[EventRounds "11"]
[EventCountry "CZE"]
[SourceTitle "EXT 2015"]
[Source "ChessBase"]
[SourceDate "2014.11.20"]
[SourceVersion "1"]
[SourceVersionDate "2014.11.20"]
[SourceQuality "1"]
[WhiteTeam "Novoborsky II"]
[BlackTeam "Jicin"]
[WhiteTeamCountry "CZE"]
[BlackTeamCountry "CZE"]

1. e4 c5 2. c3 e6 3. d4 cxd4 4. cxd4 d5 5. e5 Nc6 6. Nf3 Bb4+ 7. Nc3 Nge7 8. Bd3 Bd7 9. 0-0 Ng6 10. Bc2 a6 11. Ng5 Be7 12. h4 Bxg5 13. Bxg5 Qb6 14. h5 Nge7 15. Be3 Na5 16. a3 Qxb2 17. Na4 Qb5 18. Rb1 Qc6 19. Nb6 Rd8 20. Ba4 Qc7 21. Bxd7+ Rxd7 22. Qa4 Nec6 23. Nxd7 Qxd7 24. h6 g6 25. Rfd1 b5 26. Qc2 Nc4 27. Rb3 0-0 28. Bg5 Rc8 29. Qe2 Qa7 30. Qg4 Qc7 31. Qf4 f5 32. exf6 Qxf4 33. Bxf4 Kf7 34. Bg5 N6a5 35. Rc3 Nb7 36. Bh4 Nbd6 37. f3 Nf5 38. Bg5 Rc6 39. Kf2 Nfd6 40. Rb1 Nf5 41. Rd1 Nfd6 42. g4 Ne8 43. Rb1 Rb6 44. Rcb3 Na5 45. Rc3 Nc4 46. Rbc1 Rb7 47. Kg3 Rb6 48. Bh4 Nxf6 49. Bxf6 Kxf6 50. f4 Rb7 51. Re1 Rc7 52. Kh4 Rc8 53. Re5 Rd8 54. Re2 Rc8 55. Rf2 Rg8 56. Re2 Rc8 57. Rec2 Rb8 58. Re2 b4 59. axb4 Rxb4 60. g5+ Kf7 61. Ra2 Rb6 62. Kg4 Ke7 63. Ra5 Kd7 64. Rc5 a5 65. Kf3 a4 66. R3xc4 dxc4 67. Ra5 c3 68. Ra7+ Kd6 69. Rxa4 c2 0-1

[Event "CZE-chT2D 1314"]
[Site "Czech Republic"]
[Date "2013.11.03"]
[Round "1.4"]
[White "Partl, Ondrej"]
[Black "Tazlar, Petr"]
[Result "1/2-1/2"]
[WhiteElo "1987"]
[BlackElo "2163"]
[PlyCount "87"]
[EventDate "2013.11.03"]
[EventType "team-tourn"]
[EventRounds "11"]
[EventCountry "CZE"]
[SourceTitle "EXT 2016"]
[Source "ChessBase"]
[SourceDate "2015.10.08"]
[SourceVersion "1"]
[SourceVersionDate "2015.10.08"]
[SourceQuality "1"]
[WhiteTeam "Havlickuv Brod"]
[BlackTeam "Jicin II"]
[WhiteTeamCountry "CZE"]
[BlackTeamCountry "CZE"]

1. e4 c5 2. Nf3 d6 3. Bb5+ Nc6 4. 0-0 Bd7 5. d4 cxd4 6. Nxd4 Nf6 7. Nc3 g6 8. Bxc6 bxc6 9. Re1 Bg7 10. Nf3 Ng4 11. h3 Ne5 12. Nxe5 Bxe5 13. Bh6 Qb6 14. Rb1 Rb8 15. Qd2 Qa5 16. f4 Bf6 17. e5 dxe5 18. fxe5 Bxe5 19. b4 Qb6+ 20. Be3 Qc7 21. Rbd1 Be6 22. Ne4 0-0 23. Nc5 Bc8 24. Bg5 f6 25. Bh6 Re8 26. a3 a5 27. c3 axb4 28. axb4 Ra8 29. Nd3 Bg3 30. Re3 Bf5 31. Nc5 Red8 32. Qe2 Rxd1+ 33. Qxd1 Qd6 34. Qf1 Be5 35. Re1 Qd5 36. Rd1 Qa2 37. Rd2 Qf7 38. Qa6 Re8 39. Qxc6 Bxc3 40. Rd1 Bxb4 41. Nb7 e5 42. Nd8 Qe7 43. Qc4+ Kh8 44. Nf7+ 1/2-1/2

[Event "CZE-chT1W 1314"]
[Site "Czech Republic"]
[Date "2013.10.20"]
[Round "1.7"]
[White "Tazlar, Petr"]
[Black "Nidl, Petr"]
[Result "1/2-1/2"]
[WhiteElo "2163"]
[BlackElo "2203"]
[PlyCount "28"]
[EventDate "2013.10.20"]
[EventType "team-tourn"]
[EventRounds "11"]
[EventCountry "CZE"]
[SourceTitle "EXT 2014"]
[Source "ChessBase"]
[SourceDate "2013.11.20"]
[SourceVersion "1"]
[SourceVersionDate "2013.11.20"]
[SourceQuality "1"]
[WhiteTeam "Jicin"]
[BlackTeam "Ceske Budejovice"]
[WhiteTeamCountry "CZE"]
[BlackTeamCountry "CZE"]

1. e4 g6 2. d4 Bg7 3. Nc3 c6 4. Be3 d5 5. f3 dxe4 6. fxe4 Nf6 7. Be2 0-0 8. Qd2 e5 9. 0-0-0 Ng4 10. Bxg4 Bxg4 11. Nf3 exd4 12. Bxd4 Bxd4 13. Qxd4 Qxd4 14. Rxd4 Na6 1/2-1/2

[Event "CZE-chT2B 1213"]
[Site "Czech Republic"]
[Date "2013.03.03"]
[Round "10.3"]
[White "Tazlar, Petr"]
[Black "Polak, Benedikt"]
[Result "1/2-1/2"]
[WhiteElo "2155"]
[BlackElo "2177"]
[PlyCount "110"]
[EventDate "2012.10.14"]
[EventType "team-tourn"]
[EventRounds "11"]
[EventCountry "CZE"]
[SourceTitle "EXT 2015"]
[Source "ChessBase"]
[SourceDate "2014.11.20"]
[SourceVersion "1"]
[SourceVersionDate "2014.11.20"]
[SourceQuality "1"]
[WhiteTeam "Horice"]
[BlackTeam "Liberec Desko"]
[WhiteTeamCountry "CZE"]
[BlackTeamCountry "CZE"]

1. e4 c5 2. Nf3 e6 3. d4 cxd4 4. Nxd4 a6 5. Bd3 Bc5 6. Nb3 Be7 7. 0-0 d6 8. Qg4 g6 9. Qe2 Nd7 10. c4 b6 11. f4 Ngf6 12. Nc3 Qc7 13. Be3 0-0 14. Rad1 Bb7 15. Bf2 Rfe8 16. Rfe1 Nh5 17. Be3 Rac8 18. Qf2 Bf8 19. Qd2 Nhf6 20. Qe2 d5 21. cxd5 exd5 22. e5 Nc5 23. Bc2 Nh5 24. Nxd5 Bxd5 25. Rxd5 Ne6 26. Be4 Nexf4 27. Qf3 Nxd5 28. Bxd5 Rxe5 29. Rc1 Qd7 30. Rxc8 Rxd5 31. Rb8 Rf5 32. Qe2 Nf4 33. Bxf4 Rxf4 34. Rxb6 Bc5+ 35. Nxc5 Qd4+ 36. Kh1 Qxc5 37. Rb8+ Kg7 38. h3 Qc1+ 39. Kh2 Qc7 40. g3 Qxb8 41. gxf4 Qxf4+ 42. Kg2 a5 43. Qb5 a4 44. Qd7 h5 45. Qd3 g5 46. Qc3+ Kg6 47. Qh8 h4 48. Qg8+ Kf6 49. Qh8+ Ke6 50. Qe8+ Kd5 51. Qb5+ Ke6 52. Qe8+ Kf6 53. Qh8+ Ke7 54. Qc3 f5 55. Qg7+ Ke6 1/2-1/2

[Event "CZE-chT2B 1213"]
[Site "Czech Republic"]
[Date "2012.11.04"]
[Round "2.2"]
[White "Jacek, Martin"]
[Black "Tazlar, Petr"]
[Result "0-1"]
[WhiteElo "2226"]
[BlackElo "2155"]
[PlyCount "68"]
[EventDate "2012.10.14"]
[EventType "team-tourn"]
[EventRounds "11"]
[EventCountry "CZE"]
[SourceTitle "EXT 2015"]
[Source "ChessBase"]
[SourceDate "2014.11.20"]
[SourceVersion "1"]
[SourceVersionDate "2014.11.20"]
[SourceQuality "1"]
[WhiteTeam "Mlada Boleslav"]
[BlackTeam "Horice"]
[WhiteTeamCountry "CZE"]
[BlackTeamCountry "CZE"]

1. e4 c6 2. d4 d5 3. exd5 cxd5 4. c4 Nf6 5. Nc3 Nc6 6. Bg5 dxc4 7. d5 Ne5 8. Qd4 Nd3+ 9. Bxd3 cxd3 10. Nf3 g6 11. Bxf6 exf6 12. 0-0 Be7 13. Ne4 Bf5 14. Rfe1 Bxe4 15. Qxe4 Kf8 16. Rad1 Bd6 17. Rxd3 Kg7 18. Rb3 Qd7 19. Qd4 b6 20. Qh4 Rac8 21. g4 Rc4 22. h3 h5 23. Nd2 Rf4 24. Qg3 hxg4 25. Qc3 Rxh3 26. Qc6 Qxc6 27. dxc6 Rh8 28. Rd3 Bb4 29. Rc1 Bc5 30. Nb3 Bxf2+ 31. Kg2 g3 32. Rxg3 Bxg3 33. c7 Rc8 34. Kxg3 Re4 0-1

[Event "CZE-chT2C 1112"]
[Site "Czech Republic"]
[Date "2012.02.19"]
[Round "8.4"]
[White "Jurek, Josef"]
[Black "Tazlar, Petr"]
[Result "1/2-1/2"]
[WhiteElo "2337"]
[BlackElo "2054"]
[PlyCount "68"]
[EventDate "2011.10.09"]
[EventType "team-tourn"]
[EventRounds "11"]
[EventCountry "CZE"]
[SourceTitle "EXT 2013"]
[Source "ChessBase"]
[SourceDate "2012.11.22"]
[SourceVersion "1"]
[SourceVersionDate "2012.11.22"]
[SourceQuality "1"]
[WhiteTeam "Jicin II"]
[BlackTeam "Horice"]
[WhiteTeamCountry "CZE"]
[BlackTeamCountry "CZE"]

1. Nf3 d5 2. d4 g6 3. c4 dxc4 4. e4 Bg7 5. Bxc4 c5 6. d5 Nd7 7. 0-0 Ne5 8. Nxe5 Bxe5 9. Nc3 Nf6 10. Qd3 0-0 11. h3 Ne8 12. Bh6 Ng7 13. Be3 b6 14. f4 Bxc3 15. bxc3 e6 16. Rad1 Bb7 17. dxe6 fxe6 18. Qxd8 Raxd8 19. Rxd8 Rxd8 20. f5 gxf5 21. exf5 Bd5 22. Bxd5 Rxd5 23. fxe6 Nxe6 24. Bh6 Ng7 25. Rf6 Rd3 26. Kh2 Rxc3 27. Rc6 Nf5 28. Bf4 Rc4 29. Bb8 Rc2 30. a4 Ne3 31. Bxa7 Rxg2+ 32. Kh1 Ra2 33. Bxb6 Rxa4 34. Rxc5 Re4 1/2-1/2

[Event "CZE-chT2C 1112"]
[Site "Czech Republic"]
[Date "2012.01.22"]
[Round "6.4"]
[White "Forman, Stepan"]
[Black "Tazlar, Petr"]
[Result "0-1"]
[WhiteElo "2331"]
[BlackElo "2054"]
[PlyCount "80"]
[EventDate "2011.10.09"]
[EventType "team-tourn"]
[EventRounds "11"]
[EventCountry "CZE"]
[SourceTitle "EXT 2013"]
[Source "ChessBase"]
[SourceDate "2012.11.22"]
[SourceVersion "1"]
[SourceVersionDate "2012.11.22"]
[SourceQuality "1"]
[WhiteTeam "Kobylisy"]
[BlackTeam "Horice"]
[WhiteTeamCountry "CZE"]
[BlackTeamCountry "CZE"]

1. d4 Nf6 2. Bg5 Ne4 3. Bf4 d5 4. f3 Nf6 5. e3 e6 6. Bd3 Nh5 7. Be5 Nd7 8. f4 Nxe5 9. dxe5 Qh4+ 10. Kd2 Bc5 11. g3 Nxg3 12. Nf3 Ne4+ 13. Bxe4 Qf2+ 14. Qe2 Bxe3+ 15. Kd1 dxe4 16. Qxf2 Bxf2 17. Ng5 Bd4 18. c3 Be3 19. Rf1 b6 20. Nxe4 Bb7 21. Nbd2 Rd8 22. Kc2 Ba6 23. c4 Rd4 24. Rf3 Bxd2 25. Nxd2 Ke7 26. Ra3 Rhd8 27. Rxa6 Rxd2+ 28. Kb3 R8d3+ 29. Ka4 Rxb2 30. Rxa7 Kd7 31. Ra8 Rc2 32. Kb5 Rb2+ 33. Ka4 Rd4 34. Rf8 Rxf4 35. Ka3 Rxh2 36. Kb4 Kc6 37. a4 Rc2 38. a5 Rcxc4+ 39. Kb3 bxa5 40. Rxa5 Rc5 0-1

[Event "CZE-chT2C 1112"]
[Site "Czech Republic"]
[Date "2011.11.20"]
[Round "3.5"]
[White "Vodicka, Vlastimil"]
[Black "Tazlar, Petr"]
[Result "1/2-1/2"]
[WhiteElo "2086"]
[BlackElo "2054"]
[PlyCount "85"]
[EventDate "2011.10.09"]
[EventType "team-tourn"]
[EventRounds "11"]
[EventCountry "CZE"]
[SourceTitle "EXT 2013"]
[Source "ChessBase"]
[SourceDate "2012.11.22"]
[SourceVersion "1"]
[SourceVersionDate "2012.11.22"]
[SourceQuality "1"]
[WhiteTeam "Vysehrad II"]
[BlackTeam "Horice"]
[WhiteTeamCountry "CZE"]
[BlackTeamCountry "CZE"]

1. d4 Nf6 2. c4 c5 3. d5 d6 4. Nc3 g6 5. e4 Bg7 6. Be2 0-0 7. Nf3 a6 8. 0-0 Bg4 9. Nd2 Bxe2 10. Qxe2 Nbd7 11. a4 Qa5 12. Ra3 Nh5 13. Nb3 Qb4 14. Na2 Qb6 15. Bd2 Qc7 16. Nc3 e5 17. Nc1 f5 18. exf5 Rxf5 19. Ne4 h6 20. g3 Raf8 21. Nd3 R5f7 22. Qg4 Kh7 23. b4 Nhf6 24. Nxf6+ Nxf6 25. Qe2 cxb4 26. Nxb4 a5 27. Na2 Nd7 28. Be3 Nc5 29. Nc3 b6 30. Nb5 Qd7 31. Bxc5 bxc5 32. Qe4 Rf6 33. Rb3 Qf7 34. Rb2 Qd7 35. Rb3 h5 36. Kg2 Bh6 37. Nc3 Bd2 38. Nb5 Qf7 39. Qe2 Bb4 40. Re3 Qd7 41. Re4 Kg7 42. h3 R8f7 43. h4 1/2-1/2